Real or Fake US Cities #1 - Statistics

General Stats
  • This quiz has been taken 28 times
  • The average score is 8 of 15
Answer Stats
Question Answer % Correct
Yonkers, New York True
78%
Nimrod, Minnesota True
74%
Sandwich, Massachusetts True
70%
Rifle, Colorado True
67%
Papa City, Montana False
63%
Okay, Oklahoma True
56%
Bum, Nevada False
52%
Fox Mustard, Wisconsin False
52%
Good Grief, Idaho True
52%
Diddyville, Texas False
48%
Chicken, Alaska True
48%
Catfish Paradise, Arizona True
44%
Smacker, Oklahoma False
37%
Tiny Line, West Virginia False
30%
Big Buck, Pennsylvania False
22%
No matching quizzes found
Score Distribution
Percent of People with Each Score
Percentile by Number Answered
Your Score History
You have not taken this quiz